| Tag |
First Indicator |
Second Indicator |
Subfields |
| LEADER |
00000cam a2200000 a 4500 |
| 001 |
in00000020366 |
| 005 |
20151007053908.0 |
| 008 |
860929s1986 ne a b 10100 eng |
| 010 |
|
|
|a 86024207
|
| 020 |
|
|
|a 0444427163 (U.S.) :
|c fl 160.00 (Netherlands : est.)
|
| 035 |
|
|
|a (OCoLC)14378609
|
| 035 |
|
|
|9 AAB3231AM
|
| 040 |
|
|
|a DLC
|c DLC
|d m/c
|d TXA
|d UtOrBLW
|
| 049 |
|
|
|a TXAM
|c [A11468496]
|
| 050 |
0 |
0 |
|a HD41
|b .I56 1986
|
| 082 |
0 |
|
|a 658.4/012
|2 19
|
| 245 |
0 |
0 |
|a Innovation and entrepreneurship in organizations :
|b strategies for competitiveness, deregulation, and privatization /
|c edited by Richard M. Burton and Børge Obel.
|
| 264 |
|
1 |
|a Amsterdam ;
|a New York :
|b Elsevier ;
|c 1986.
|
| 264 |
|
2 |
|a New York, NY, U.S.A. :
|b Distributors for the U.S. and Canada, Elsevier Science Pub. Co.,
|
| 300 |
|
|
|a vii, 207 pages :
|b illustrations ;
|c 27 cm.
|
| 336 |
|
|
|a text
|b txt
|2 rdacontent
|
| 337 |
|
|
|a unmediated
|b n
|2 rdamedia
|
| 338 |
|
|
|a volume
|b nc
|2 rdacarrier
|
| 500 |
|
|
|a Chiefly papers presented at a seminar held at the European Institute for Advanced Studies in Management, Brussels, in May 1985.
|
| 500 |
|
|
|a "Has been published in a special issue of Technovation, vol 5 (1986), issues 1-3."
|
| 504 |
|
|
|a Includes bibliographies and index.
|
| 650 |
|
0 |
|a Competition
|v Congresses.
|
| 650 |
|
0 |
|a Trade regulation
|v Congresses.
|
| 650 |
|
0 |
|a Privatization
|v Congresses.
|
| 650 |
|
0 |
|a Technological innovations
|x Management
|v Congresses.
|
| 700 |
1 |
|
|a Burton, Richard M.
|
| 700 |
1 |
|
|a Obel, Børge.
|
| 999 |
|
|
|a MARS
|
| 999 |
f |
f |
|s 1ea00f5d-75ea-369b-a933-cb1434151935
|i 2dfb7dd4-936a-3a44-9bae-2b791cb0fc39
|t 0
|
| 952 |
f |
f |
|p ric
|a Texas A&M University
|b Rellis Campus
|c Joint Library Facility
|d Remote Storage
|t 0
|e HD41 .I56 1986
|h Library of Congress classification
|i unmediated -- volume
|m A14811468496
|
| 998 |
f |
f |
|a HD41 .I56 1986
|t 0
|l Remote Storage
|